00698nam a2200181 a 450000100100000000500170001000800410002704000250006808200150009310000290010824500710013726000490020830000360025750000670029370000260036095201130038699900170049900003833420201002031230.0100824s1980 dr a 000 0 spa d aDO-SdBNPbspacBNPHU axxxbC352h1 aCastillo, Luciano93735510aHistoria de la civilización /cLuciano Castillo, Rafael Nuñez. aSanto Domingo :bLibrería García,c1980. a459 p. :bil., retrs. ;c25 cm. aIncluye datos biográficos de los autores en la contraportada1 aNuñez, Rafael91366 0010718PDaPDbPDcCTd2013-04-09iLF1l0oxxx C352hp38334-10r2020-06-25w2020-06-25yLFPDZNo se presta c37824d37824